Variety, equity, and efficiency product variety in an industrial society

Salvato in:
Dettagli Bibliografici
Autore principale: Lancaster, Kelvin
Natura: Libro
Lingua:inglese
Pubblicazione: New York Columbia University Press 1979
Tags: Aggiungi Tag
Nessun Tag, puoi essere il primo ad aggiungerne!!

MARC

LEADER 00000nam a2200000 4500
001 c128695
005 20041019155244.2
041 0 |a eng 
044 |a US 
245 1 0 |a Variety, equity, and efficiency  |b product variety in an industrial society  |c Kelvin Lancaster 
264 1 |a New York  |b Columbia University Press  |c 1979 
300 |a 373 s. 
100 1 |a Lancaster, Kelvin